|
|
|
|
| LEADER |
01845nas a2200481 a 4500 |
| 001 |
c000184159 |
| 003 |
CARM |
| 005 |
20050721153821.0 |
| 008 |
740813d19581980nyu x1 1 a0eng |
| 010 |
|
|
|a 59008415 //r633
|
| 019 |
1 |
|
|a 966234
|z 933539
|z 5143917
|5 LACONCORD2021
|
| 022 |
|
|
|a 0072-9086
|
| 030 |
|
|
|a PEVIAI
|
| 035 |
|
|
|a (OCoLC)1782853
|5 LACONCORD2021
|
| 040 |
|
|
|a LC
|b eng
|c LC
|
| 042 |
|
|
|a lc
|a nsdp
|
| 050 |
|
0 |
|a QR360
|b .G8
|
| 060 |
|
0 |
|a W3 PE58
|
| 060 |
0 |
0 |
|a W3
|b PE58
|
| 082 |
0 |
4 |
|a 616.01
|2 19
|
| 111 |
0 |
|
|a Gustav Stern Symposium.
|
| 210 |
0 |
|
|a Perspect. virol
|
| 222 |
|
0 |
|a Perspectives in virology
|
| 245 |
1 |
0 |
|a Perspectives in virology.
|
| 260 |
|
|
|a New York [etc.] :
|b Raven Press [etc.].
|
| 300 |
|
|
|a 11 v. :
|b ill. (part col.) ports. ;
|c 24-29 cm.
|
| 362 |
0 |
|
|a v. [1]-11; 1958-Feb. 1980.
|
| 500 |
|
|
|a Editor: 1958-<73> M. Pollard.
|
| 510 |
2 |
|
|a Bibliography of agriculture
|x 0006-1530
|
| 510 |
2 |
|
|a Biological abstracts
|x 0006-3169
|b -1981
|
| 510 |
2 |
|
|a Chemical abstracts
|x 0009-2258
|
| 550 |
|
|
|a Vols. 1, 4 published for the Institute of Microbiology, Rutgers University; v. 2 published for the Gustav Stern Foundation.
|
| 650 |
|
0 |
|a Virology
|x Congresses.
|
| 650 |
|
2 |
|a Virology
|x Congresses.
|
| 700 |
1 |
|
|a Pollard, Morris,
|e ed.
|
| 710 |
2 |
|
|a Rutgers University.
|b Institute of Microbiology.
|
| 852 |
8 |
|
|b CARM
|h A2:AO01E0
|i C06838
|p 0255471
|f SE
|
| 852 |
8 |
|
|b CARM
|h A3:AB15A0
|i D08071
|p 0257050
|f SE
|
| 866 |
|
0 |
|a 1(1959)-10(1978)
|
| 866 |
|
0 |
|a 1(1959)-10(1978)
|
| 999 |
f |
f |
|i fdf80770-e0a5-5356-a413-638ace6d549e
|s 4dd52af9-74fa-560c-8768-cafde308cb98
|
| 952 |
f |
f |
|p Can circulate
|a CAVAL
|b CAVAL
|c CAVAL
|d CARM 1 Store
|e C06838
|f A2:AO01E0
|h Other scheme
|i book
|k 1(1959),3(1963)-10(1978)
|m 0255471
|
| 952 |
f |
f |
|p Can circulate
|a CAVAL
|b CAVAL
|c CAVAL
|d CARM 1 Store
|e D08071
|f A3:AB15A0
|h Other scheme
|i book
|k 2(1961)
|m 0257050
|